[Event "GER-chT Betriebe 17th"]
[Site "Berlin"]
[Date "2017.11.04"]
[Round "6.1"]
[White "Bissinger, Gerhard"]
[Black "Koerlin, Hans Juergen"]
[Result "1/2-1/2"]
[WhiteElo "1595"]
[BlackElo "1845"]
[PlyCount "59"]
[EventDate "2017.11.02"]
[EventType "team-swiss"]
[EventRounds "7"]
[EventCountry "GER"]
[SourceTitle "EXT 2020"]
[Source "ChessBase"]
[SourceDate "2019.10.17"]
[SourceVersion "1"]
[SourceVersionDate "2019.10.17"]
[SourceQuality "1"]
[WhiteTeam "Hamburg Rapid Unilever"]
[BlackTeam "Berlin Tempelhof III"]
[WhiteTeamCountry "GER"]
[BlackTeamCountry "GER"]

1. e4 e5 2. Nf3 Nc6 3. Bb5 a6 4. Ba4 Nf6 5. 0-0 b5 6. Bb3 Be7 7. Re1 0-0 8. c3 d5 9. d3 Bb7 10. Nbd2 Re8 11. Bc2 Bc5 12. Nf1 Qd6 13. Be3 Rad8 14. Qe2 Bc8 15. Rad1 a5 16. d4 exd4 17. cxd4 dxe4 18. dxc5 exf3 19. Qxb5 Qe6 20. Ng3 Rxd1 21. Bxd1 fxg2 22. Bb3 Nd4 23. Bxe6 Nxb5 24. Bxc8 Rxc8 25. Kxg2 c6 26. a4 Nc7 27. Bd2 Ra8 28. Nf5 Ne6 29. Ne7+ Kf8 30. Nxc6 1/2-1/2